[Event "Sant Andreu CM"]
[Site "Barcelona"]
[Date "2019.10.12"]
[Round "4"]
[White "Zheng, Hong Wei"]
[Black "Petit Montes, Marc"]
[Result "1-0"]
[WhiteElo "2008"]
[BlackElo "2020"]
[PlyCount "153"]
[EventDate "2019.09.14"]
[EventType "tourn"]
[EventRounds "9"]
[EventCountry "ESP"]
[SourceTitle "CBM 195 Extra"]
[Source "ChessBase"]
[SourceDate "2020.05.31"]
[SourceVersion "1"]
[SourceVersionDate "2020.05.31"]
[SourceQuality "1"]

1. d4 d5 2. c4 c6 3. Nf3 Nf6 4. e3 Bf5 5. Nc3 e6 6. Be2 Nbd7 7. Nh4 Bg6 8. Bd2 Bd6 9. Nxg6 hxg6 10. Bf3 dxc4 11. Rc1 a6 12. Ne4 Nxe4 13. Bxe4 Nf6 14. Bf3 e5 15. dxe5 Bxe5 16. Rxc4 0-0 17. Qe2 Qd7 18. 0-0 Rfd8 19. Ba5 Bc7 20. Bxc7 Qxc7 21. b4 Rd7 22. a4 Qe5 23. Rfc1 Rad8 24. Rc5 Qe7 25. b5 cxb5 26. axb5 Ne4 27. Rc8 Ng5 28. bxa6 Nxf3+ 29. Qxf3 bxa6 30. Qa8 Qe8 31. g3 Kh7 32. Rxd8 Qxd8 33. Qxa6 Rd1+ 34. Rxd1 Qxd1+ 35. Qf1 Qf3 36. Qh3+ Kg8 37. Qc8+ Kh7 38. Qc4 f5 39. Qf4 Qd1+ 40. Kg2 Qd5+ 41. Qf3 Qe6 42. Qe2 Qc6+ 43. f3 g5 44. e4 g6 45. Qd3 Qf6 46. Qe2 Qe6 47. e5 g4 48. h3 gxh3+ 49. Kxh3 g5 50. g4 fxg4+ 51. fxg4 Qb3+ 52. Kg2 Kg7 53. Qd2 Qb7+ 54. Kh2 Qe7 55. Qd5 Qf7 56. Qd4 Qb3 57. e6+ Kg6 58. Qe4+ Kf6 59. Qf5+ Ke7 60. Qxg5+ Kd6 61. Qd8+ Ke5 62. e7 Qc2+ 63. Kg3 Qc3+ 64. Kf2 Qc2+ 65. Ke1 Qb1+ 66. Ke2 Qe4+ 67. Kd2 Qb4+ 68. Kd3 Qb3+ 69. Ke2 Qc4+ 70. Qd3 Qxg4+ 71. Kd2 Kf6 72. e8Q Qg2+ 73. Qee2 Qg5+ 74. Ke1 Qc1+ 75. Qdd1 Qc3+ 76. Kf1 Qh3+ 77. Qg2 1-0

[Event "Barcelona Canovelles U2200 op"]
[Site "Barcelona"]
[Date "2018.12.29"]
[Round "6.6"]
[White "Zheng, Hong Wei"]
[Black "Cordomi Fons, Francesco"]
[Result "1/2-1/2"]
[WhiteElo "1916"]
[BlackElo "1814"]
[PlyCount "81"]
[EventDate "2018.12.27"]
[EventType "swiss"]
[EventRounds "8"]
[EventCountry "ESP"]
[SourceTitle "EXT 2024"]
[Source "ChessBase"]
[SourceDate "2023.10.10"]
[SourceVersion "1"]
[SourceVersionDate "2023.10.10"]
[SourceQuality "1"]

1. d4 f5 2. Bg5 Nf6 3. Bxf6 exf6 4. e3 d6 5. Bd3 Nc6 6. c3 Qe7 7. Ne2 Qf7 8. Nd2 Bd7 9. Nf4 Ne7 10. c4 Bc6 11. d5 Bd7 12. Qb3 b6 13. Qc2 g6 14. Nf3 Bh6 15. Ne2 0-0 16. Nfd4 c6 17. dxc6 Nxc6 18. Nb5 Nb4 19. Qd2 Nxd3+ 20. Qxd3 Bxb5 21. cxb5 Rac8 22. 0-0 Rc5 23. Nc3 Rd8 24. a4 Qb3 25. Rfb1 d5 26. h3 f4 27. a5 fxe3 28. fxe3 Re8 29. Ra3 Qc4 30. Qxc4 dxc4 31. e4 Be3+ 32. Kh1 Bd4 33. axb6 axb6 34. Ra6 Rce5 35. Rf1 Bxc3 36. bxc3 Rxb5 37. Rxf6 Rxe4 38. Raxb6 Rxb6 39. Rxb6 Re3 40. Rb7 Rxc3 41. Rc7 1/2-1/2

[Event "Llinars del Valles op 11th B"]
[Site "Llinars del Valles"]
[Date "2017.06.03"]
[Round "7.8"]
[White "Garcia Extremera, Manuel"]
[Black "Zheng, Hong Wei"]
[Result "0-1"]
[WhiteElo "1426"]
[BlackElo "1661"]
[PlyCount "76"]
[EventDate "2017.04.22"]
[EventType "swiss"]
[EventRounds "9"]
[EventCountry "ESP"]
[SourceTitle "EXT 2024"]
[Source "ChessBase"]
[SourceDate "2023.10.10"]
[SourceVersion "1"]
[SourceVersionDate "2023.10.10"]
[SourceQuality "1"]

1. f4 d5 2. d4 Bf5 3. Nf3 e6 4. g3 c5 5. c3 Nc6 6. Be3 Qb6 7. Qb3 c4 8. Qxb6 axb6 9. Bg2 Bxb1 10. Rxb1 Rxa2 11. 0-0 Bd6 12. Rfe1 f5 13. Ng5 Ke7 14. b4 b5 15. Nf3 Nf6 16. Ne5 Rha8 17. Bc1 Rc2 18. Bb2 Ra2 19. Ba1 Rxe2 20. Rxe2 Rxe2 21. Bf3 Ra2 22. h3 Bxe5 23. fxe5 Ne4 24. Bxe4 fxe4 25. Bb2 Nb8 26. Kf2 Nd7 27. Ke3 Nb6 28. Bc1 Na4 29. Bd2 Rc2 30. Be1 Nxc3 31. Bxc3 Rxc3+ 32. Kf4 Ra3 33. Rb2 Kd7 34. h4 b6 35. g4 h6 36. g5 h5 37. g6 Rf3+ 38. Kg5 Rf5# 0-1